Statistics for Rock Albums #6

Click here to take the quiz!

General Stats

  • This quiz has been taken 24 times
  • The average score is 6 of 20

Answer Stats

AlbumYear of releaseArtist% Correct
High voltage1976AC/DC
87%
Danzig1988Danzig
83%
Ten1991Pearl Jam
65%
The division bell1994Pink Floyd
57%
Reggatta De Blanc1979The police
57%
Tres hombres1973ZZ top
52%
Americana1998The offspring
35%
132013Black Sabbath
30%
Black Rain2007Ozzy Osbourne
22%
Get behind me Satan2005The white Stripes
22%
Terra Incognita2001Gojira
17%
Panzerfaust1995Darkthrone
13%
Invincible Shield2024Judas Priest
13%
Holy wood2000Marilyn Manson
13%
Absolution2003Muse
13%
Against the Grain1990Bad religion
9%
The last command1985W.A.S.P.
9%
Cosmic Egg2009Wolfmother
9%
2018Alien weaponry
4%
Under Cöver2017Motorhead
4%

Score Distribution

Percentile by Number Answered

Percent of People with Each Score

Your Score History

You have not taken this quiz